00511nam a2200181 a 45000010010000000030011000100080041000210350026000620820014000881000022001022450022001242600034001466500012001809420012001929520090002049980020002949990015003140000-8994ELIB.Books110520 1993  a(ELIB.Books)0000-9143 a266 bJen aJenkinson, Willim aTrends in Mission bMaryknoll: Orbis Books c1993 aMission 2ddccBK 00102ddc4070aKBTSbKBTSd2011-05-20l0p2456r2022-01-22 00:00:00w2022-01-22yBK cbate2011-05-20 c8994d8994